| 000 | 00872nam a2200265 i 4500 | ||
|---|---|---|---|
| 003 | DO-SdBNP | ||
| 005 | 20251009080952.0 | ||
| 007 | ta | ||
| 008 | 230612b1997 dr ||||| |||| 00| 0 spa d | ||
| 040 |
_aDO-SdBNP _bspa _cBNPHU _erda |
||
| 041 | _aspa | ||
| 082 | 2 |
_a342.729302 _bR426con _222 |
|
| 110 | 1 |
_aRepública Dominicana. _9447 |
|
| 245 | 1 | 0 |
_aConstitución de la República Dominicana : _bproclamada el 14 de agosto de 1994. |
| 264 | 1 |
_aSanto Domingo : _bEditor no identificado, _c1997. |
|
| 300 |
_a44 páginas ; _c21 cm. |
||
| 336 |
_atexto _btxt _2rdacontent |
||
| 337 |
_asin mediación _bn _2rdamedia |
||
| 338 |
_avolumen _bnc _2rdacarrier |
||
| 590 | _aInventariado, 2023/BT | ||
| 651 | 4 |
_aRepública Dominicana _xConstitución (1991{Rpara} _965459 |
|
| 651 | 4 |
_aRepública Dominicana _xDerecho constitucional _99303 |
|
| 910 | _aBtavárez | ||
| 942 |
_2ddc _cLBS1 |
||
| 999 |
_c53777 _d53777 |
||